| 000 | 00582nam a22001817a 4500 | ||
|---|---|---|---|
| 005 | 20251108164334.0 | ||
| 008 | 250721s1998 xx 000 0 ara d | ||
| 082 | 1 | 4 | _a500/صال |
| 100 | 1 | _aصالح، عبد المحسن | |
| 245 | 1 | 0 | _aالإنسان الحائر بين العلم و الخرافة / |
| 250 | _aط2 | ||
| 264 | 1 |
_aالكويت : _bالمجلس الوطني للثقافة و الفنون و الآداب، _c1998. |
|
| 300 | _a287ص. | ||
| 490 | 0 | _aسلسلة عالم المعرفة ؛ 235 | |
| 650 | 1 | 7 | _aالعلوم |
| 942 |
_2ddc _cBK |
||
| 999 |
_c9708 _d9708 |
||